8 - Eight - Acht - Huit - Otto - Ocho - Zortzi - 八 - Statistics

General Stats
  • This quiz has been taken 51 times
  • The average score is 10 of 20
Answer Stats
Hint Answer % Correct
10) What is the 8th letter of the Alphabet? H
91%
5) The 8th Planet from the Sun is? Neptune
86%
8) What is an 8 sided polygon called? Octagon
84%
2) The number 8 element in the Periodic Table is ? Oxygen
79%
16) A choir of 8 voices is called a what? Octet
72%
1) The 8th Largest Country in Area is? ( A ) Argentina
70%
12) What is 88 in Roman Numerals? LXXXVIII
70%
14) Which Country has the 8th largest population? ( B ) Bangladesh
65%
4) 8 is what in 'Binary Code'? 1000
58%
18) What is the 'class' of arthropod animals beginning with 'A' that have 8 legs? Arachnids
58%
13) 8 is regarded as THE lucky number in which Country? China
58%
9) In music, what is the interval between 8 notes called? Octave
53%
11) What is the 8th most populated city in the world ( M ) Manila
42%
6) The 8th Olympic Games 1924, were held where? Paris, France
35%
20) The 8th largest populated Capital City is? ( L ) Lima
30%
17) The 8th President of the USA was? (B) Martin Van Buren
28%
19) The 8th letter of the Greek Alphabet is? Theta
28%
15) 'On the 8th day of Christmas my true love sent to me"? 8 Maids a Milking
21%
7) What ship was said to have 8 passengers ? Noah's Ark
14%
3) The 8th man on the moon was James ? ( I ) James Irwin
7%
No matching quizzes found
Score Distribution
Percent of People with Each Score
Percentile by Number Answered
Your Score History
You have not taken this quiz